000 00391nam a2200157Ia 4500
008 231217s9999 xx 000 0 und d
041 _aEnglish
082 _a620.3 THO;7
100 _aThomson, William T
245 0 _aThoery of vibrations with applications
250 _a3rd ed.
260 _c1988
_bNew Delhi : CBS,
300 _aix+467
650 _aVibration theory
942 _cAA
999 _c164310
_d164310